000 00688nam a2200193Ia 4500
008 090201s9999 xx 000 0 und d
010 _aKPL-68985
020 _a81-7418-102-4
040 _bमराठी
041 _aमराठी
082 _a47524
_b68985
100 _aरवीन्द्र भट
245 _aसागरा प्राण तळमळला (रामबाग)
_cरवीन्द्र भट
250 _a6
260 _c2004
_bइंद्रायणी साहित्य प्रकाशन
300 _a364
_bमध्यम
600 _aसागरा प्राण तळमळला (रामबाग)
942 _cBOOK
999 _c244222
_d244222